[Event "GRE-chT 44th"]
[Site "Achaia"]
[Date "2016.07.06"]
[Round "2.5"]
[White "Liaskos, Leonidas"]
[Black "Liodakis, Konstantinos Spyros"]
[Result "1-0"]
[WhiteElo "2091"]
[BlackElo "2173"]
[PlyCount "65"]
[EventDate "2016.07.05"]
[EventType "team-swiss"]
[EventRounds "7"]
[EventCountry "GRE"]
[SourceTitle "CBM 173 Extra"]
[Source "ChessBase"]
[SourceDate "2016.08.29"]
[SourceVersion "1"]
[SourceVersionDate "2016.08.29"]
[SourceQuality "1"]
[WhiteTeam "Egaleo CN"]
[BlackTeam "Chania Chess Academy"]
[WhiteTeamCountry "GRE"]
[BlackTeamCountry "GRE"]

1. e4 e6 2. b3 d5 3. Bb2 Nf6 4. e5 Nfd7 5. Qg4 c5 6. f4 Nc6 7. Nf3 Qc7 8. Na3 a6 9. c3 b5 10. Nc2 Nb6 11. Be2 Bd7 12. 0-0 g6 13. Rac1 Ne7 14. Ne3 h6 15. Ba3 0-0-0 16. c4 b4 17. Bxb4 d4 18. Nxd4 Nf5 19. Ndxf5 gxf5 20. Qh3 cxb4 21. c5 Na8 22. Bxa6+ Kb8 23. d4 Bc6 24. Rfd1 Qa7 25. Be2 Nc7 26. Rc4 Qa5 27. Bf3 Nd5 28. Nc2 Nxf4 29. Qh4 Bxf3 30. gxf3 Nd5 31. Nxb4 Rg8+ 32. Kh1 Kc7 33. Qxd8+ 1-0

[Event "GRE-chT 43rd"]
[Site "Porto Rio"]
[Date "2015.10.11"]
[Round "6.4"]
[White "Liodakis, Konstantinos Spyros"]
[Black "Gratseas, Stefanos"]
[Result "1-0"]
[WhiteElo "2139"]
[BlackElo "2030"]
[PlyCount "101"]
[EventDate "2015.10.08"]
[EventType "team-swiss"]
[EventRounds "7"]
[EventCountry "GRE"]
[SourceTitle "CBM 168 Extra"]
[Source "ChessBase"]
[SourceDate "2015.10.29"]
[SourceVersion "1"]
[SourceVersionDate "2015.10.29"]
[SourceQuality "1"]
[WhiteTeam "Chania ADA"]
[BlackTeam "OFI"]
[WhiteTeamCountry "GRE"]
[BlackTeamCountry "GRE"]

1. d4 d6 2. c4 e5 3. e3 g6 4. Nf3 Bg7 5. Be2 Nd7 6. Nc3 Ngf6 7. b3 0-0 8. Bb2 Re8 9. h3 exd4 10. exd4 Ne4 11. Nxe4 Rxe4 12. 0-0 Nf6 13. Bd3 Re8 14. Qc2 Bd7 15. Rfe1 Nh5 16. Rxe8+ Qxe8 17. Re1 Qf8 18. Be4 Rb8 19. Qd2 b6 20. Ba3 Nf6 21. Bc2 Re8 22. c5 Rxe1+ 23. Qxe1 dxc5 24. dxc5 Qe8 25. Qd1 Nh5 26. cxb6 axb6 27. Bc1 Bc6 28. b4 b5 29. Bb3 Qd7 30. Qxd7 Bxd7 31. g4 Nf6 32. Bf4 c6 33. Ne5 Be8 34. f3 Nd5 35. Bxd5 Bxe5 36. Bxe5 cxd5 37. Kf2 Bc6 38. Ke3 f6 39. Bxf6 Kf7 40. Be5 h5 41. gxh5 gxh5 42. Kf4 Kg6 43. Bd4 Bd7 44. h4 Bf5 45. a4 bxa4 46. b5 Bc8 47. Ke5 Bd7 48. b6 Bc8 49. f4 a3 50. f5+ Kf7 51. Kd6 1-0

[Event "GRE-chT 43rd"]
[Site "Porto Rio"]
[Date "2015.10.09"]
[Round "3.3"]
[White "Liodakis, Konstantinos Spyros"]
[Black "Zenelis, Konstantinos"]
[Result "1-0"]
[WhiteElo "2139"]
[BlackElo "2102"]
[PlyCount "75"]
[EventDate "2015.10.08"]
[EventType "team-swiss"]
[EventRounds "7"]
[EventCountry "GRE"]
[SourceTitle "CBM 168 Extra"]
[Source "ChessBase"]
[SourceDate "2015.10.29"]
[SourceVersion "1"]
[SourceVersionDate "2015.10.29"]
[SourceQuality "1"]
[WhiteTeam "Chania ADA"]
[BlackTeam "Papagou"]
[WhiteTeamCountry "GRE"]
[BlackTeamCountry "GRE"]

1. e4 e6 2. d4 d5 3. Nd2 Nf6 4. e5 Nfd7 5. Bd3 c5 6. c3 Nc6 7. Ngf3 cxd4 8. cxd4 Qb6 9. 0-0 Nxd4 10. Nxd4 Qxd4 11. Nf3 Qb6 12. Qa4 Qb4 13. Qc2 Nc5 14. Bd2 Qa4 15. b3 Qd7 16. Be2 b6 17. Be3 Bb7 18. Rfc1 Be7 19. Nd4 0-0 20. b4 Na6 21. Bb5 Qd8 22. a3 Rc8 23. Qa4 Nc7 24. Bc6 Rb8 25. Qxa7 Qc8 26. Qxb6 Ba6 27. Qa5 Bc4 28. b5 Bc5 29. a4 f6 30. Nf5 fxe5 31. Bxc5 Rxf5 32. Bd6 Rf7 33. Bxe5 h6 34. Rab1 Qd8 35. b6 Na6 36. Bxb8 Nxb8 37. Bb5 Qf6 38. Qd2 1-0

[Event "GRE-chT 43rd"]
[Site "Porto Rio"]
[Date "2015.10.08"]
[Round "2.5"]
[White "Kalofonos, Panayotis"]
[Black "Liodakis, Konstantinos Spyros"]
[Result "0-1"]
[WhiteElo "2089"]
[BlackElo "2139"]
[PlyCount "104"]
[EventDate "2015.10.08"]
[EventType "team-swiss"]
[EventRounds "7"]
[EventCountry "GRE"]
[SourceTitle "CBM 168 Extra"]
[Source "ChessBase"]
[SourceDate "2015.10.29"]
[SourceVersion "1"]
[SourceVersionDate "2015.10.29"]
[SourceQuality "1"]
[WhiteTeam "Aigaleo"]
[BlackTeam "Chania ADA"]
[WhiteTeamCountry "GRE"]
[BlackTeamCountry "GRE"]

1. e4 e6 2. d4 d5 3. Nc3 Nf6 4. Bg5 Be7 5. e5 Nfd7 6. Bxe7 Qxe7 7. f4 a6 8. Nf3 c5 9. Qd2 Nc6 10. dxc5 0-0 11. Bd3 Nxc5 12. 0-0 b5 13. f5 Nxd3 14. cxd3 exf5 15. d4 Be6 16. Rac1 Rac8 17. Ne2 Rc7 18. Nf4 Rfc8 19. Nd3 a5 20. Rc2 Nxe5 21. Rxc7 Nxf3+ 22. Rxf3 Qxc7 23. Nc5 b4 24. a4 Qd6 25. Qg5 Rxc5 26. dxc5 Qxc5+ 27. Qe3 d4 28. Qd3 Qc1+ 29. Rf1 Qxb2 30. Rd1 Bd5 31. Qd2 Qxd2 32. Rxd2 Kf8 33. Rxd4 Bc6 34. Rd6 Bxa4 35. Rd5 b3 36. Rxa5 Bd7 37. Ra6 Be6 38. Kf2 Ke7 39. Rb6 Kf6 40. Ke3 Ke5 41. g3 g5 42. Rb4 Bd5 43. Ra4 Be4 44. Ra5+ Kd6 45. Rb5 Bc2 46. Kd2 f4 47. Rxg5 f3 48. Rg4 f5 49. Rb4 Kc5 50. Kc3 Be4 51. Kxb3 f2 52. Rc4+ Kd5 0-1

[Event "Paleochora op 8th"]
[Site "Paleochora"]
[Date "2015.07.23"]
[Round "8"]
[White "Liodakis, Konstantinos Spyros"]
[Black "Kerigan, Demre"]
[Result "0-1"]
[WhiteElo "2131"]
[BlackElo "2403"]
[PlyCount "132"]
[EventDate "2015.07.17"]
[EventType "swiss"]
[EventRounds "9"]
[EventCountry "GRE"]
[SourceTitle "CBM 167 Extra"]
[Source "ChessBase"]
[SourceDate "2015.09.14"]
[SourceVersion "1"]
[SourceVersionDate "2015.09.14"]
[SourceQuality "1"]

1. Nf3 g6 2. g3 Bg7 3. Bg2 d6 4. 0-0 Nf6 5. d4 0-0 6. c4 Nbd7 7. Nc3 e5 8. e4 exd4 9. Nxd4 Re8 10. Re1 a6 11. h3 Rb8 12. Bg5 h6 13. Be3 Ne5 14. Qe2 c5 15. Nc2 b5 16. cxb5 axb5 17. Rad1 Be6 18. Bxc5 Bc4 19. Rxd6 Bxe2 20. Rxd8 Rexd8 21. Rxe2 Nd3 22. Ba7 b4 23. Nd1 Rbc8 24. Nde3 Re8 25. Rd2 Nxb2 26. e5 Rxe5 27. Nxb4 Rc1+ 28. Kh2 Nc4 29. Rd8+ Re8 30. Rxe8+ Nxe8 31. Bd5 Ned6 32. a4 Nxe3 33. Bxe3 Ra1 34. Na2 Nf5 35. Bb6 Bd4 36. Bxd4 Nxd4 37. a5 Nb5 38. a6 Kf8 39. Kg2 Ke7 40. Bc4 Na7 41. Kf3 f5 42. Ke3 Kd6 43. g4 Rh1 44. gxf5 Rxh3+ 45. f3 gxf5 46. Nc3 Ke5 47. Ne2 h5 48. Kf2 Rh2+ 49. Kg1 Rh4 50. f4+ Ke4 51. Be6 Rg4+ 52. Kh2 Rg6 53. Bf7 Rxa6 54. Bxh5 Ke3 55. Kh3 Rh6 56. Kh4 Nc6 57. Ng1 Kxf4 58. Nh3+ Ke5 59. Kg5 Rh8 60. Nf4 Rg8+ 61. Ng6+ Ke4 62. Kf6 f4 63. Nh4 Nd4 64. Bg6+ Ke3 65. Ng2+ Kf3 66. Ne1+ Ke2 0-1

[Event "Anogia op 4th"]
[Site "Anogia"]
[Date "2015.07.15"]
[Round "8"]
[White "Grigoriadis, Mihail"]
[Black "Liodakis, Konstantinos Spyros"]
[Result "1/2-1/2"]
[WhiteElo "2075"]
[BlackElo "2131"]
[PlyCount "73"]
[EventDate "2015.07.09"]
[EventType "swiss"]
[EventRounds "9"]
[EventCountry "GRE"]
[SourceTitle "CBM 167 Extra"]
[Source "ChessBase"]
[SourceDate "2015.09.14"]
[SourceVersion "1"]
[SourceVersionDate "2015.09.14"]
[SourceQuality "1"]

1. e4 e6 2. d4 d5 3. Nc3 Nf6 4. Bg5 dxe4 5. Nxe4 Be7 6. Bxf6 gxf6 7. Nf3 f5 8. Ned2 c5 9. dxc5 Bxc5 10. Bd3 Nc6 11. 0-0 Qf6 12. Nc4 0-0 13. Re1 b6 14. c3 Rd8 15. Qe2 Bb7 16. Rad1 Rd5 17. Ne3 Bxe3 18. Qxe3 Rad8 19. Bc2 Ne7 20. Ne5 Ng6 21. Nxg6 hxg6 22. f4 Qe7 23. Bb3 Rxd1 24. Rxd1 Rxd1+ 25. Bxd1 Qd6 26. Qd4 Qxd4+ 27. cxd4 Kf8 28. Be2 Ke7 29. Kf2 Kd6 30. g3 Be4 31. Ke3 Bd5 32. a3 Kc6 33. b4 Kd6 34. h4 Bc6 35. Bc4 Bd5 36. Bb5 Bc6 37. Bc4 1/2-1/2

[Event "Anogia op 4th"]
[Site "Anogia"]
[Date "2015.07.14"]
[Round "7"]
[White "Liodakis, Konstantinos Spyros"]
[Black "Ibrahim, Hatim"]
[Result "1-0"]
[WhiteElo "2131"]
[BlackElo "2333"]
[PlyCount "121"]
[EventDate "2015.07.09"]
[EventType "swiss"]
[EventRounds "9"]
[EventCountry "GRE"]
[SourceTitle "CBM 167 Extra"]
[Source "ChessBase"]
[SourceDate "2015.09.14"]
[SourceVersion "1"]
[SourceVersionDate "2015.09.14"]
[SourceQuality "1"]

1. c4 Nf6 2. g3 e6 3. Bg2 d5 4. Nf3 d4 5. d3 Nc6 6. 0-0 Bc5 7. Na3 0-0 8. Nc2 a5 9. Rb1 e5 10. b3 e4 11. Nfe1 Re8 12. Bg5 Bf5 13. a3 h6 14. Bxf6 Qxf6 15. b4 axb4 16. axb4 Bf8 17. b5 Nb8 18. dxe4 Bxe4 19. Bxe4 Rxe4 20. Qd3 Re8 21. Nf3 Nd7 22. Ncxd4 Nc5 23. Qc2 Ne4 24. e3 Bc5 25. Kg2 Ra3 26. Nb3 Bf8 27. Nbd2 Nc5 28. Qb2 Qxb2 29. Rxb2 g6 30. Nd4 Bg7 31. N2b3 Bxd4 32. Nxd4 Rea8 33. Rd1 Kf8 34. Ne2 R8a4 35. Rc2 Rd3 36. Rxd3 Nxd3 37. Rc3 Nc5 38. Kf3 Ra2 39. Nc1 Rxf2+ 40. Kxf2 Ne4+ 41. Ke2 Nxc3+ 42. Kd3 Na4 43. Kd4 Ke7 44. Nd3 Ke6 45. c5 h5 46. Kc4 Kf5 47. Kd4 Ke6 48. e4 b6 49. c6 g5 50. Kc4 f5 51. e5 f4 52. gxf4 gxf4 53. Nxf4+ Kxe5 54. Nxh5 Nb2+ 55. Kb3 Nd3 56. Ng7 Kd5 57. Ne8 Nc5+ 58. Kb4 Ne6 59. h4 Ke5 60. Kc4 Kf5 61. h5 1-0

[Event "Anogia op 4th"]
[Site "Anogia"]
[Date "2015.07.12"]
[Round "5"]
[White "Liodakis, Konstantinos Spyros"]
[Black "Serntedakis, Athanasios"]
[Result "1-0"]
[WhiteElo "2131"]
[BlackElo "2040"]
[PlyCount "87"]
[EventDate "2015.07.09"]
[EventType "swiss"]
[EventRounds "9"]
[EventCountry "GRE"]
[SourceTitle "CBM 167 Extra"]
[Source "ChessBase"]
[SourceDate "2015.09.14"]
[SourceVersion "1"]
[SourceVersionDate "2015.09.14"]
[SourceQuality "1"]

1. e4 c6 2. Nc3 d5 3. Nf3 Bg4 4. h3 Bxf3 5. Qxf3 e6 6. d4 dxe4 7. Nxe4 Nf6 8. Bd3 Be7 9. Bf4 Qa5+ 10. c3 Nxe4 11. Qxe4 Nd7 12. 0-0 Nf6 13. Qe2 0-0 14. Qc2 h6 15. a3 Rfd8 16. Rad1 Bd6 17. Be3 Qc7 18. Qc1 Nd5 19. Bb1 Bf4 20. Bxf4 Qxf4 21. Qc2 Nf6 22. Rfe1 Qc7 23. Re5 Rd5 24. Rde1 Rad8 25. Ba2 Rxe5 26. dxe5 Nd7 27. f4 Nf8 28. Kf1 Qd7 29. Ke2 Ng6 30. g3 c5 31. Rd1 Qxd1+ 32. Qxd1 Rxd1 33. Kxd1 Kf8 34. Bb1 Ke7 35. Ke2 Kd7 36. Bxg6 fxg6 37. Kf3 h5 38. g4 Ke7 39. Kg3 Kf7 40. c4 g5 41. gxh5 gxf4+ 42. Kxf4 Kg8 43. Kg5 Kh7 44. h6 1-0

[Event "Anogia op 4th"]
[Site "Anogia"]
[Date "2015.07.10"]
[Round "2"]
[White "Liargovas, Dimitrios"]
[Black "Liodakis, Konstantinos Spyros"]
[Result "0-1"]
[WhiteElo "1922"]
[BlackElo "2131"]
[PlyCount "70"]
[EventDate "2015.07.09"]
[EventType "swiss"]
[EventRounds "9"]
[EventCountry "GRE"]
[SourceTitle "CBM 167 Extra"]
[Source "ChessBase"]
[SourceDate "2015.09.14"]
[SourceVersion "1"]
[SourceVersionDate "2015.09.14"]
[SourceQuality "1"]

1. d4 e6 2. c4 Bb4+ 3. Nc3 Nf6 4. f3 d5 5. a3 Bxc3+ 6. bxc3 0-0 7. e3 c5 8. cxd5 exd5 9. Bd3 b6 10. Ne2 Ba6 11. 0-0 Re8 12. Nf4 Bxd3 13. Qxd3 Nc6 14. Ra2 Qd6 15. g4 cxd4 16. cxd4 Rac8 17. g5 Nd7 18. Qf5 Ne7 19. Qd3 Nf8 20. Rg2 Nfg6 21. Nxg6 hxg6 22. e4 Nc6 23. Bb2 Qe6 24. Qb3 Red8 25. Rc1 Nxd4 26. Rxc8 Qxc8 27. Qe3 Ne6 28. h4 d4 29. Qd2 d3 30. f4 Qc5+ 31. Kh1 Qc4 32. Qe3 d2 33. Rxd2 Rxd2 34. Qxd2 Qxe4+ 35. Kh2 Nxf4 0-1

[Event "Anogia op 4th"]
[Site "Anogia"]
[Date "2015.07.10"]
[Round "3"]
[White "Liodakis, Konstantinos Spyros"]
[Black "Goumas, Georgios"]
[Result "1/2-1/2"]
[WhiteElo "2131"]
[BlackElo "2361"]
[PlyCount "21"]
[EventDate "2015.07.09"]
[EventType "swiss"]
[EventRounds "9"]
[EventCountry "GRE"]
[SourceTitle "CBM 167 Extra"]
[Source "ChessBase"]
[SourceDate "2015.09.14"]
[SourceVersion "1"]
[SourceVersionDate "2015.09.14"]
[SourceQuality "1"]

1. Nf3 g6 2. g3 Bg7 3. Bg2 e5 4. d3 Nc6 5. c4 Nge7 6. Nc3 0-0 7. Rb1 a5 8. a3 d6 9. Qc2 h6 10. b4 axb4 11. axb4 1/2-1/2